| 000 | 00590nac a22001811u 4500 | ||
|---|---|---|---|
| 008 | 130122s1997 us ||||| |||| 001 0 eng d | ||
| 010 | _a96033742 | ||
| 020 | _a0131865374 | ||
| 020 | _a9780131865372 | ||
| 082 | 0 | 0 |
_a621.31 _bBOS _222 |
| 100 |
_aBosela, Theodore R., _931983 |
||
| 245 | 1 | 0 |
_aIntroduction to Electrical Power System Technology / _cTheodore R. Bosela. |
| 260 |
_aUpper Saddle River, N.J. : _bPrentice Hall, _cc1997. |
||
| 300 |
_axiii, 510 p. : _bill. ; _c25 cm. |
||
| 500 | _aIncludes index. | ||
| 650 | 0 |
_aElectric power systems. _931984 |
|
| 942 |
_cBB _k621.31 BOS _2ddc |
||
| 999 |
_c938 _d938 |
||